000 01308cam a22001814a 4500
005 20250605163934.0
008 250528s ||||||||||||||||||||||||d
035 _a14783
040 _aGR-AtMCL
_bgre
_dGR-AtMCL
_eAACR2
245 1 _aΟ Άνθρωπος στα Δίκτυα της Manipulation
260 _bΣκαραβαίος,
_c1993
300 _a224
520 _aΗ μελέτη αυτή επιχειρεί μια κοινωνικοψυχολογική ανάλυση των παραγόντων, που επηρεάζουν και διαμορφώνουν την επιθετική, κονφορμιστική ανθρώπινη συμπεριφορά, όπως αυτή σχεδιάζεται και μεθοδεύεται από τους μανιπουλάτορες των διαφόρων εποχών. Πρόλογος, Επιθετικότητα, Σκηνές Βίας στην Τηλεόραση, Η Τηλεόραση ως Κοινωνικοποιητικός Θεσμός, Οι Μηχανισμοί των Μαζικών Μέσων Επικοινωνίας, Οι Μηχανισμοί της Manipulation, Ο Άνθρωπος ως ''Ανοιχτό'' και ''Ατελές'' Ον.
700 1 _aΤσαρδάκης Δημήτρης
_9542
942 _cBK
999 _c401
_d401